| 000 | 00353nam a2200145Ia 4500 | ||
|---|---|---|---|
| 008 | 150201s2009 xx 000 0 und d | ||
| 082 |
_a618 _bD09D |
||
| 100 | _aDATTA, D.C. | ||
| 245 | _aTB. OF OBSTETRICS | ||
| 250 | _a6TH | ||
| 260 |
_bNEW CENTRAL BOOK AGENCY _aCOLCOTTA _c2009 |
||
| 300 | _a1-666 | ||
| 650 | _aOBST & GYNAECOLOGY | ||
| 942 |
_2ddc _cBK _049 |
||
| 999 |
_c227 _d227 |
||